Sports Trivia #5 - Statistics

General Stats
  • This quiz has been taken 91 times
    80 since last reset
  • The average score is 10 of 15
Answer Stats
Hint Answer % Correct
How many different divisions are there in the NBA? 6
93%
How many Canadian teams are there in the NHL? 7
93%
What do they call the NHL Trophy? Stanley Cup
90%
The Patriots are tied with which NFL team for the most superbowl wins? Steelers
87%
The New York Knicks play at which stadium? Madison Square Garden
81%
Who was the 2022 Superbowl 56 MVP? Cooper Kupp
75%
Who is the sharpshooting guard from Kentucky that plays for the Phoenix Suns? Devon Booker
75%
Where did Deshaun Watson go to college? Clemson
71%
Who is the NFL Commisioner? Roger Goodell
62%
Who was the most recent Heismann trophy winner in 2021? Bryce Young
54%
Who plays at Lincoln Financial Field? Eagles
54%
The "newest" or most recently added NHL team is who? Golden Knights
53%
Where did Davante Adams attend college? Fresno
49%
Where did Kawhi Leonard attend College? San Diego State
40%
Who does Mike Leach currently coach for in college football? Mississippi State
29%
No matching quizzes found
Score Distribution
Percent of People with Each Score
Percentile by Number Answered
Your Score History
You have not taken this quiz since the last reset